000 00537nam a2200193Ia 4500
005 20250508162128.0
008 008 250505s9999 xx 000 0 eng d
037 _aTextual
040 _aFEDL
_beng
_cFEDL
041 _aeng
_2eng
084 _a339, JAN
_qFEDL
100 _aJangir G.C.
_9772379
245 0 _aEconomic systems and microeconomic theory
260 _aDelhi, India
_bKhosla Publishing House
_c1980
300 _aviii,272p.
650 _aEconomics
942 _cTEXL
_h339, JAN
999 _c1374550
_d1374550